| 000 | 00365nam a22001217a 4500 | ||
|---|---|---|---|
| 999 |
_c5470 _d5470 |
||
| 008 | 250919b ||||| |||| 00| 0 eng d | ||
| 020 | _a9781526601934 | ||
| 082 | _a823.92 BAL | ||
| 100 |
_eBALEN,KATYA _lENGLISH |
||
| 245 | _aOCTOBER,OCTOBER | ||
| 260 |
_a50 BEDFORD SQUARE,LONDON WC1B 3DP,UK _bBLOOMSBURY PUBLISHING PLC/BLOOMSBURY CHILDREN'S BOOK _c2020 |
||
| 942 | _2ddc | ||